Country Shapes by the Top Half #1 - Statistics

General Stats
  • This quiz has been taken 22 times
  • The average score is 14 of 16
Answer Stats
Picture Answer % Correct
Australia
100%
Egypt
100%
France
100%
Mexico
100%
China
94%
Greece
94%
Spain
94%
Chile
89%
Japan
89%
Somalia
89%
Zambia
83%
Colombia
78%
Iran
78%
Argentina
67%
Mongolia
67%
South Africa
56%
No matching quizzes found
Score Distribution
Percent of People with Each Score
Percentile by Number Answered
Your Score History
You have not taken this quiz